| 000 | 01104cam a22003257a 4500 | ||
|---|---|---|---|
| 003 | CHAP | ||
| 005 | 20240213062706.0 | ||
| 008 | 971013s1983 r 00010 d | ||
| 010 | _a31028 | ||
| 011 | _a32000 | ||
| 035 | _a36112 | ||
| 040 | _cCHAP | ||
| 090 | _aFolleto 8728 | ||
| 100 | 0 | 0 |
_aLoaiza Meza, Alfredo. _967358 |
| 245 | 0 | _aEstablecimiento y manejo de tres especies de pastos para suelos arenosos del sur de Sinaloa | |
| 260 |
_aMazatlán, Sin. : _bINIA. Campo Agrícola Experimental Sur de Sinaloa, _c1983 |
||
| 300 |
_a16 p. _b: ilus. |
||
| 490 | 0 |
_aINIA. Folleto para productores _v; 2 |
|
| 590 |
_aBATCH-UPD _b10 _c20130110 _lUCH01 _h1519 |
||
| 590 |
_aCONVERSION _b10 _c20130109 _lUCH01 _h1318 |
||
| 650 | 1 | 4 |
_aCynodon dactylon. _930800 |
| 650 | 1 | 7 |
_aCynodon nlemfuensis _2 _930799 |
| 650 | 1 | 4 |
_aPanicum purpurascens. _985109 |
| 650 | 1 | 4 |
_aPastos _xSinaloa. _986078 |
| 830 | 0 |
_aINIA. Folleto para productores _v; 2 _958462 |
|
| 901 | _aBK | ||
| 942 | _cFOLL | ||
| 949 |
_aFolleto 8728 _bBC _cFOLL _d-83265 _eTS1 _i36112 _si |
||
| 949 |
_aFolleto 8728 _bBC _cFOLL _d-83266 _eTS2 _fc.2 _i36112 _si |
||
| 999 |
_c31028 _d31028 |
||